Normal view
MARC view
- Greve, Adrienne I.
Entry Personal Name
001 - CONTROL NUMBER
- control field: 24721
003 - CONTROL NUMBER IDENTIFIER
- control field: NUST
005 - DATE AND TIME OF LATEST TRANSACTION
- control field: 20191024143435.0
008 - FIXED-LENGTH DATA ELEMENTS
- fixed length control field: 191024|| aca||aabn | a|a d
040 ## - CATALOGING SOURCE
- Original cataloging agency: NUST
- Transcribing agency: NUST
100 ## - HEADING--PERSONAL NAME
- Personal name: Greve, Adrienne I.
670 ## - SOURCE DATA FOUND
- Source citation: Work cat.: (NUST): Boswell, Michael R. 24714, Local climate action planning /, c2012.
